| 000 | 01345cam a2200241 4500 | ||
|---|---|---|---|
| 001 | WB3931-05 | ||
| 008 | 030819n2003 000 0 eng u | ||
| 035 | _a(Sirsi) u123299 | ||
| 245 | _aSound insulation tests consultation | ||
| 260 | _c2003 | ||
| 490 |
_aODPM News Release _v(2003/0168) 18 August 2003, (2) |
||
| 520 | _aODPM has launched a consultation on the preferred system for testing sound insulation for new dwellings and conversions. The construction industry has developed a robust standard details (RSD) system as an alternative to the government's pre-completion approach, which the industry argued would lead to delays and higher costs. The government has asked the industry to prove that its method of investment in high performance designs with checklists to verify correct construction, would achieve the needed results. The consultation is available at http://www.odpm.gov.uk/stellent/groups/odpm_control/documents/contentservertemplate/odpm_index.hcst?n=3644&l=2. http://www.odpm.gov.uk/pns/DisplayPN.cgi?pn_id=2003_0168 i | ||
| 590 | _aWB | ||
| 650 | _aNOISE LEVELS | ||
| 650 | _aHOUSE BUILDING | ||
| 650 | _aSOUND INSULATION | ||
| 650 | _aPRE-COMPLETION | ||
| 650 | _aROBUST STANDARD DETAILS | ||
| 650 | _aCONVERSIONS | ||
| 650 | _aNEW BUILD | ||
| 690 | _aBUILT ENVIRONMENT-BUILDING STANDARDS | ||
| 942 | _n0 | ||
| 999 |
_c73240 _d73240 |
||